Meilleurs buteurs all time par nations#2 - Statistiques

Statistiques générales
  • Ce quiz a été pris 88 fois
  • Le résultat moyen est 9 sur 33
Statistiques - réponses
Hint buts Réponse % Correct
Portugal 128 Cristiano Ronaldo
92%
Hongrie 80 Ferenc Puskas
80%
Pays de Galles 40 Gareth Bale
80%
Pologne 81 Robert Lewandowski
80%
Suède 62 Zlatan Ibrahimovic
79%
Pays Bas 50 Robin van Persie
65%
Ukraine 48 Andriy Shevchenko
64%
Irlande 68 Robbie Keane
53%
Roumanie 35 Adrian Mutu / Gheorghe Hagi
45%
Serbie 57 Aleksandar Mitrovic
34%
Slovaquie 26 Marek Hamsik
27%
Islande 27 Gylfi Sigurdsson
25%
Suisse 42 Alex Frei
22%
Israel 35 Eran Zahavi
22%
Macédoine 38 Goran Pandev
21%
Turquie 51 Hakan Sukur
20%
Monténégro 35 Stevan Jovetic
18%
Tchéquie 55 Jan Koller
15%
Italie 35 Luigi Riva
14%
Russie 30 Artem Dzyuba /Aleksandr Kerzhakov
13%
Kosovo 26 Vedat Muriqi
8%
Luxembourg 21 Gerson Rodrigues
5%
Iles Féroé 10 Rogvi Jacobsen / Klaemint Olsen
5%
Saint Marin 8 Andy Selva
2%
Irlande du Nord 36 David Healy
2%
Slovénie 35 Zlatko Zahovic
2%
Kazakhstan 14 Bakhtiyor Zaynutdinov
1%
Moldavie 15 Ion Nicolaescu
1%
Norvège 33 Jorgen Juve
1%
Liechtenstein 16 Mario Frick
1%
Lettonie 29 Maris Verpakovskis
1%
Malte 42 Michael Mifsud
1%
Lituanie 19 Tomas Danilevicius
1%
Aucun quiz correspondant
Distribution des résultats
% des personnes avec chaque résultat
Percentile par nombre de réponses
Votre historique - résultats
Vous n’avez pas pris ce quiz